000 01434nam a2200373 c 4500
999 _c159617
_d159617
003 BLK
005 20201019133642.0
008 180410b bul|||||r ||||||| ||bul||
010 _aKNG00166790000
040 _aBLK
041 _aFRE
_cFRE
072 7 _2bullib
_aЦ
_xРедки и ценни
080 _aХристиянска църква. Обща история на църквата
_b26/28
_z26/28
080 _aФилософски системи според отношението към проблема за бога -Теизъм. Деизъм. Пантеизъм. Акосмизъм. Панентеизъм. Атеизъм. Вж и 211
_b141.4
_z141.4
100 1 _aLevallois, Jules
_eпърви автор
_916883
139 _aLevallois, Jules
_bL 62
245 1 0 _aDeisme et christianisme
_cJules Levallois.
257 _aFRA
260 _bGermer Bailliere
_c1866
300 _a154, 16 с.
_c18 см
380 _a2
650 4 _aРелигии
_9169205
650 4 _aХристиянство
_9176914
650 4 _aФилософия - системи, направления и школи
_9251900
653 _aхристиянство
653 _aфилософия
653 _aдеизъм
659 _aЦ
852 _aЦб Рф 866
856 4 _qpdf
856 4 _qpdf
942 _cKNG
_n0
_s1
944 _aCR
_c03.11.2014
_kНаталия_Медовщикова
944 _aED
_c13.11.2014
_kНаталия_Медовщикова
999 _d159617